Capitales des Provinces de Chine - Statistiques

Statistiques générales
  • Ce quiz a été pris 601 fois
    593 depuis la dernière actualisation
  • Le résultat moyen est 16 sur 34
Statistiques - réponses
Province Capitale % Correct
Municipalité de P---- Pekin (Beijing*)
96%
Municipalité de S------- Shanghai
90%
Municipalité de T------ Tianjin
89%
Municipalité de C-------- Chongqing
81%
Région administrative spéciale de H-------- Hong-Kong
72%
Région administrative spéciale de M---- Macao
71%
Taiwan (contesté) Taipei
65%
Région autonome du Tibet (Xizang*) Lhassa
64%
Région autonome ouïghoure du Xinjiang Ürümqi
63%
Guangdong Guangzhou (Canton*)
61%
Heilongjiang Harbin
54%
Sichuan Chengdu
53%
Hubei Wuhan
52%
Région autonome de Mongolie-Intérieure Hohhot
50%
Fujian Fuzhou
45%
Hainan Haikou
45%
Yunnan Kunming
45%
Shaanxi Xi'an
44%
Hunan Changsha
40%
Région autonome zhuang du Guangxi Nanning
37%
Anhui Hefei
36%
Gansu Lanzhou
36%
Zhejiang Hangzhou
34%
Hebei Shijiazhuang
34%
Guizhou Guiyang
33%
Liaoning Shenyang
33%
Shanxi Taiyuan
32%
Jilin Changchun
31%
Jiangsu Nanjing (Nankin*)
31%
Henan Zhengzhou
31%
Région autonome hui du Ningxia Yinchuan
27%
Shandong Jinan
26%
Qinghai Xining
26%
Jiangxi Nanchang
23%
Aucun quiz correspondant
Distribution des résultats
% des personnes avec chaque résultat
Percentile par nombre de réponses
Votre historique - résultats
Vous n’avez pas pris ce quiz depuis la dernière actualisation